00814nam a2200205 a 450000100100000000500170001000800410002702000180006804000250008608200110011110000240012224500720014626000350021830000210025350000670027459000260034195201090036795201150047699900170059100004866420201002061319.0190405s2016 dr 000 0 spa d a9789945598087 aDO-SdBNPbspacBNPHU axxbxx1 aNova, Manolo97611010aInvasión a Palomar :bun diálogo esclarecedor de la intentona/. aSanto Domingo :bargos,c2016. a191 p. ;c23 cm. aIncluye datos biográficos del autor en la solapa de cubierta aInventariado, 2019/VM 0010718PDaPDbPDcHDd2019-04-05iLF1l0oxx xxp48664-10r2020-06-25w2020-06-25yLFPDZNo se presta 0010718PDaPDbPDcHDd2019-04-05iLF1l0oxx xxp48664-20r2020-06-25te. 2w2020-06-25yLFPDZNo se presta c48152d48152